00889 2200313 4500001002100000005001500021035002000036007000300056008004100059020002200100040002200122082001500144084001700159090002100176090002200197100003400219245003600253250003200289300005500321650002300376850001200399041000800411264003800419336002100457337003000478338002300508999002200531990002200553INLIS00000000084971220190718102605 a0010-0719000713ta190718s2015 yoia g jpn d a978-602-0833-09-5 aYOPDYOGbinderda04223a028.53 a028.53 HEN d aDEP 028.53 HEN d aCB-D.11 2015-29200 aHenny Juhari,d1958-epenulis10aDino & kue ceri /cHenny Juhari aCetakan pertama, April 2015 a[19] halaman :bilustrasi, gambar bewarna ;c29 cm 4aBacaan kanak-kanak aYOPDYOG0 aind34aYogyakarta :bPohon cahaya,c2015 2rdacontentateks 2rdamediaatanpa perantara 2rdacarrieravolume aCB-D.11/2015-2920 aCB-D.11/2015-2920